Music Quiz

Random Music or Song Quiz

Heart, Mind, Body, or Soul Songs Quiz Stats

 Plays Quiz Updated Jan 22, 2018

Challenge
Share
Tweet
Embed
Score 0/24 Timer 06:00
0 Plays Today
Question Answer Wrong Answers
Hey, _____ Sister
Train (2009)
Soul
96.1%
Body
0.3%
Heart
0.3%
Mind
0.1%
Always On My _____
Willie Nelson (1982)
Mind
95.8%
Body
0.3%
Heart
0.6%
Soul
0.1%
Un-Break My _____
Toni Braxton (1996)
Heart
95.1%
Body
0.6%
Mind
0.5%
Soul
0.5%
My _____ Will Go On
Celine Dion (1997)
Heart
94.8%
Body
0.4%
Mind
0.3%
Soul
1.4%
Georgia On My _____
Ray Charles (1960)
Mind
94.7%
Body
0.6%
Heart
0.9%
Soul
0.5%
If You Could Read My _____
Gordon Lightfoot (1970)
Mind
94.3%
Body
0.6%
Heart
1.1%
Soul
0.5%
Shake Your _____ (Down To The Ground)
The Jacksons (1979)
Body
94.3%
Heart
0.4%
Mind
0.2%
Soul
1.7%
You Were On My _____
We Five (1965)
Mind
94.2%
Body
0.6%
Heart
1.5%
Soul
0.5%
Total Eclipse of the _____
Bonnie Tyler (1983)
Heart
93.8%
Body
0.5%
Mind
1.1%
Soul
1.2%
Heart And _____
T-Pau (1987)
Soul
93.2%
Body
1%
Heart
0.4%
Mind
1.9%
Listen To Your _____
Roxette (1988)
Heart
93.1%
Body
1.9%
Mind
0.8%
Soul
0.8%
_____ Man
Sam & Dave (1967)
Soul
93%
Body
1.2%
Heart
1.2%
Mind
1.2%
Empire State Of _____
Jay-Z feat. Alicia Keys (2009)
Mind
92.9%
Body
0.6%
Heart
1.3%
Soul
1.8%
_____ Of Glass
Blondie (1979)
Heart
92.1%
Body
2.7%
Mind
0.9%
Soul
1.1%
Rock Your _____
Justin Timberlake (2003)
Body
92.1%
Heart
0.7%
Mind
1.2%
Soul
2.7%
Tell It To My _____
Taylor Dayne (1987)
Heart
85.7%
Body
3.8%
Mind
2%
Soul
4.9%
Your _____ Is A Wonderland
John Mayer (2002)
Body
82.7%
Heart
4.8%
Mind
6.3%
Soul
2.7%
_____ Finger
The Bar-Kays (1967)
Soul
80%
Body
8.2%
Heart
3.9%
Mind
4.2%
Harden My _____
Quarterflash (1981)
Heart
79.8%
Body
5%
Mind
4.2%
Soul
7.4%
Got My _____ Set On You
George Harrison (1987)
Mind
73.5%
Body
0.7%
Heart
22.2%
Soul
0.5%
Touch My _____
Mariah Carey (2008)
Body
70.3%
Heart
16.8%
Mind
1.2%
Soul
8.5%
(You're My) _____ and Inspiration
The Righteous Brothers (1966)
Soul
58.2%
Body
1.6%
Heart
33.3%
Mind
3.3%
Gentle On My _____
Glen Campbell (1967)
Mind
57.1%
Body
6.6%
Heart
21.4%
Soul
11.5%
_____ Party
Ciara (2013)
Body
18.9%
Heart
3.1%
Mind
3.3%
Soul
71.1%

You're not logged in!

Compare scores with friends on all Sporcle quizzes.
Join for Free
OR
Log In

You Might Also Like...

Show Comments

Extras

Top Quizzes Today


Score Distribution

Your Account Isn't Verified!

In order to create a playlist on Sporcle, you need to verify the email address you used during registration. Go to your Sporcle Settings to finish the process.

Report this User

Report this user for behavior that violates our Community Guidelines.

Details: